00860nam a2200241 a 450000100060000000300080000600500170001400800410003103500190007204000260009104100080011708200280012524500840015326000380023730000220027550400400029765000440033770000300038170000280041194200120043999900170045195201500046843322BD-RjUL20211209053701.0160621s1969 nyu b 001 0 eng d a(BD-RjUL)43440 aBD-RjULbengcBD-RjUL aeng 223a370.19348bPOL 196904aThe politics of urban education /cedited by Marilyn Gittell and Alan G. Hevesi aNew York :bF. A. Praeger,cc1969 ax, 386 p ;c24 cm aIncludes bibliographical references 0aEducation, UrbanzUnited States91330721 aGittell, Marilyn.91330731 aHevesi, Alan G.9133074 2ddccBK c43322d43322 00102ddc40708NFICaRUCLbRUCLcStackd1970-07-01eSweets & Zeetlingerg75.00l0o370.19348 POL 1969r2016-06-21 00:00:00tC-2w2021-12-09yBK